[Event "Benidorm Satellite preliminary"]
[Site "playchess.com #007036"]
[Date "2009.10.24"]
[Round "9"]
[White "Wild"]
[Black "Casellina"]
[Result "0-1"]
[WhiteElo "1399"]
[BlackElo "1527"]
[PlyCount "36"]
[EventDate "2009.10.24"]
[EventType "swiss (blitz)"]

1. c4 {[%emt 0:00:02]} Nf6 {[%emt 0:00:02]} 2. Nc3 {[%emt 0:00:01]} g6 {[%emt
0:00:01]} 3. g3 {[%emt 0:00:01]} Bg7 {[%emt 0:00:01]} 4. Bg2 {[%emt 0:00:01]}
d6 {[%emt 0:00:01]} 5. Nf3 {[%emt 0:00:01]} O-O {[%emt 0:00:01]} 6. d4 {[%emt
0:00:01]} c6 {[%emt 0:00:01]} 7. Kf1 {[%emt 0:00:01]} Na6 {[%emt 0:00:16]} 8.
Be3 {[%emt 0:00:02]} Nc7 {[%emt 0:00:04]} 9. Nd2 {[%emt 0:00:02]} e5 {[%emt 0:
00:05]} 10. dxe5 {[%emt 0:00:05]} dxe5 {[%emt 0:00:01]} 11. Be4 {[%emt 0:00:06]
} Nxe4 {[%emt 0:00:16]} 12. Ncxe4 {[%emt 0:00:03]} Bh3+ {[%emt 0:00:09]} 13.
Kg1 {[%emt 0:00:06]} Ne6 {[%emt 0:00:21]} 14. f4 {[%emt 0:00:03]} exf4 {[%emt
0:00:10]} 15. Bxf4 {[%emt 0:00:02]} Nxf4 {[%emt 0:00:02]} 16. gxf4 {[%emt 0:00:
01]} Bd4+ {[%emt 0:00:20]} 17. Nf2 {[%emt 0:00:11]} Qh4 {[%emt 0:00:10]} 18.
Qe1 {[%emt 0:00:09]} Qg4# {[%emt 0:00:05]} 0-1

[Event "Benidorm Satellite preliminary"]
[Site "playchess.com #007036"]
[Date "2009.10.24"]
[Round "9"]
[White "jchess06"]
[Black "Wolle1305"]
[Result "0-1"]
[WhiteElo "1778"]
[BlackElo "1724"]
[PlyCount "60"]
[EventDate "2009.10.24"]
[EventType "swiss (blitz)"]

1. d4 {[%emt 0:00:11]} d5 {[%emt 0:00:01]} 2. c3 {[%emt 0:00:00]} Nf6 {[%emt 0:
00:01]} 3. Nf3 {[%emt 0:00:00]} e6 {[%emt 0:00:02]} 4. Bg5 {[%emt 0:00:03]} Be7
{[%emt 0:00:03]} 5. e3 {[%emt 0:00:01]} O-O {[%emt 0:00:01]} 6. Bd3 {[%emt 0:
00:02]} c6 {[%emt 0:00:01]} 7. Nfd2 {[%emt 0:00:01]} Nbd7 {[%emt 0:00:01]} 8.
Qe2 {[%emt 0:00:04]} e5 {[%emt 0:00:02]} 9. e4 {[%emt 0:00:01]} h5 {[%emt 0:00:
28]} 10. O-O {[%emt 0:00:04]} g6 {[%emt 0:00:04]} 11. f4 {[%emt 0:00:02]} exf4
{[%emt 0:00:08]} 12. Rxf4 {[%emt 0:00:03]} Ng4 {[%emt 0:00:07]} 13. Bxe7 {
[%emt 0:00:03]} Qxe7 {[%emt 0:00:01]} 14. exd5 {[%emt 0:00:01]} Qxe2 {[%emt 0:
00:08]} 15. Bxe2 {[%emt 0:00:02]} Ne3 {[%emt 0:00:07]} 16. dxc6 {[%emt 0:00:03]
} bxc6 {[%emt 0:00:01]} 17. Nf1 {[%emt 0:00:01]} Nc2 {[%emt 0:00:02]} 18. Bc4 {
[%emt 0:00:15]} Nxa1 {[%emt 0:00:04]} 19. Na3 {[%emt 0:00:02]} Rb8 {[%emt 0:00:
04]} 20. b4 {[%emt 0:00:02]} Nb6 {[%emt 0:00:04]} 21. Be2 {[%emt 0:00:06]} Nd5
{[%emt 0:00:04]} 22. Rf2 {[%emt 0:00:03]} Nxc3 {[%emt 0:00:02]} 23. Ne3 {[%emt
0:00:03]} Nxe2+ {[%emt 0:00:15]} 24. Rxe2 {[%emt 0:00:02]} Rxb4 {[%emt 0:00:02]
} 25. Re1 {[%emt 0:00:01]} Rxd4 {[%emt 0:00:06]} 26. Rxa1 {[%emt 0:00:02]} Rd3
{[%emt 0:00:01]} 27. Nec4 {[%emt 0:00:02]} Be6 {[%emt 0:00:03]} 28. Ne5 {[%emt
0:00:03]} Rxa3 {[%emt 0:00:03]} 29. Nxc6 {[%emt 0:00:02]} Rxa2 {[%emt 0:00:01]}
30. Rd1 {[%emt 0:00:02]} a5 {[%emt 0:00:04] jchess06 abandonne} 0-1

[Event "Benidorm Satellite preliminary"]
[Site "playchess.com #007036"]
[Date "2009.10.24"]
[Round "9"]
[White "Ajalcaide"]
[Black "Shakked"]
[Result "0-1"]
[WhiteElo "1325"]
[BlackElo "1378"]
[PlyCount "32"]
[EventDate "2009.10.24"]
[EventType "swiss (blitz)"]

1. e4 {[%emt 0:00:02]} c5 {[%emt 0:00:00]} 2. Nf3 {[%emt 0:00:03]} d6 {[%emt 0:
00:01]} 3. d4 {[%emt 0:00:01]} cxd4 {[%emt 0:00:00]} 4. Nxd4 {[%emt 0:00:01]}
Nf6 {[%emt 0:00:01]} 5. Nc3 {[%emt 0:00:02]} g6 {[%emt 0:00:03]} 6. Bc4 {[%emt
0:00:13]} Bg7 {[%emt 0:00:03]} 7. Be3 {[%emt 0:00:05]} O-O {[%emt 0:00:02]} 8.
Qd2 {[%emt 0:00:02]} Ng4 {[%emt 0:00:02]} 9. Bf4 {[%emt 0:00:25]} e5 {[%emt 0:
00:06]} 10. O-O-O {[%emt 0:00:23]} exf4 {[%emt 0:00:13]} 11. Qxf4 {[%emt 0:00:
06]} Bh6 {[%emt 0:00:02]} 12. Bxf7+ {[%emt 0:00:24]} Rxf7 {[%emt 0:00:09]} 13.
Qxh6 {[%emt 0:00:29]} Nxh6 {[%emt 0:00:07]} 14. Rhf1 {[%emt 0:00:02]} Qg5+ {
[%emt 0:00:05]} 15. Kb1 {[%emt 0:00:02]} Qxg2 {[%emt 0:00:02]} 16. Rd2 {[%emt
0:00:22]} Qxf1+ {[%emt 0:00:04] Ajalcaide rinde} 0-1

[Event "Benidorm Satellite preliminary"]
[Site "playchess.com #007036"]
[Date "2009.10.24"]
[Round "9"]
[White "David Lynch"]
[Black "Džundi"]
[Result "1-0"]
[WhiteElo "2073"]
[BlackElo "2600"]
[PlyCount "53"]
[EventDate "2009.10.24"]
[EventType "swiss (blitz)"]

1. d4 {[%emt 0:00:02]} Nf6 {[%emt 0:00:03]} 2. c4 {[%emt 0:00:01]} c5 {[%emt 0:
00:01]} 3. d5 {[%emt 0:00:01]} e6 {[%emt 0:00:01]} 4. Nc3 {[%emt 0:00:01]} exd5
{[%emt 0:00:01]} 5. cxd5 {[%emt 0:00:00]} d6 {[%emt 0:00:00]} 6. Nf3 {[%emt 0:
00:00]} g6 {[%emt 0:00:01]} 7. Nd2 {[%emt 0:00:00]} Nbd7 {[%emt 0:00:02]} 8. e4
{[%emt 0:00:01]} Bg7 {[%emt 0:00:01]} 9. Be2 {[%emt 0:00:00]} O-O {[%emt 0:00:
02]} 10. O-O {[%emt 0:00:00]} Re8 {[%emt 0:00:01]} 11. h3 {[%emt 0:00:01]} a6 {
[%emt 0:00:15]} 12. a4 {[%emt 0:00:01]} Rb8 {[%emt 0:00:01]} 13. f4 {[%emt 0:
00:03]} c4 {[%emt 0:00:14]} 14. Bxc4 {[%emt 0:00:06]} Nc5 {[%emt 0:00:02]} 15.
Re1 {[%emt 0:00:13]} b5 {[%emt 0:00:09]} 16. axb5 {[%emt 0:00:01]} axb5 {[%emt
0:00:01]} 17. Bxb5 {[%emt 0:00:00]} Rxb5 {[%emt 0:00:08]} 18. Nxb5 {[%emt 0:00:
01]} Qb6 {[%emt 0:00:02]} 19. Nd4 {[%emt 0:00:11]} Nfxe4 {[%emt 0:00:05]} 20.
Nxe4 {[%emt 0:00:24]} Nxe4 {[%emt 0:00:11]} 21. Be3 {[%emt 0:00:02]} Qxb2 {
[%emt 0:00:04]} 22. Ra7 {[%emt 0:00:22]} Nc5 {[%emt 0:00:13]} 23. Bf2 {[%emt 0:
00:15]} Rxe1+ {[%emt 0:00:03]} 24. Qxe1 {[%emt 0:00:00]} Bxd4 {[%emt 0:00:01]}
25. Qe8+ {[%emt 0:00:01]} Kg7 {[%emt 0:00:05]} 26. Qxf7+ {[%emt 0:00:02]} Kh6 {
[%emt 0:00:04]} 27. Qxh7# {[%emt 0:00:01]} 1-0

[Event "Benidorm Satellite preliminary"]
[Site "playchess.com #007036"]
[Date "2009.10.24"]
[Round "9"]
[White "Retep1"]
[Black "Priscila"]
[Result "0-1"]
[WhiteElo "1672"]
[BlackElo "1819"]
[PlyCount "46"]
[EventDate "2009.10.24"]
[EventType "swiss (blitz)"]

1. d4 {[%emt 0:00:02]} d5 {[%emt 0:00:01]} 2. Nf3 {[%emt 0:00:07]} c6 {[%emt 0:
00:00]} 3. c4 {[%emt 0:00:06]} Nf6 {[%emt 0:00:01]} 4. Nc3 {[%emt 0:00:05]} h6
{[%emt 0:00:01]} 5. e3 {[%emt 0:00:11]} Bg4 {[%emt 0:00:01]} 6. Be2 {[%emt 0:
00:07]} Bxf3 {[%emt 0:00:01]} 7. Bxf3 {[%emt 0:00:03]} e6 {[%emt 0:00:00]} 8.
O-O {[%emt 0:00:09]} Bd6 {[%emt 0:00:01]} 9. cxd5 {[%emt 0:00:07]} exd5 {[%emt
0:00:01]} 10. Re1 {[%emt 0:00:04]} O-O {[%emt 0:00:01]} 11. e4 {[%emt 0:00:11]}
dxe4 {[%emt 0:00:00]} 12. Nxe4 {[%emt 0:00:03]} Nxe4 {[%emt 0:00:00]} 13. Bxe4
{[%emt 0:00:13]} Nd7 {[%emt 0:00:00]} 14. Bd2 {[%emt 0:00:21]} Qc7 {[%emt 0:00:
00]} 15. g3 {[%emt 0:00:05]} Nf6 {[%emt 0:00:01]} 16. Bd3 {[%emt 0:00:19]} Rad8
{[%emt 0:00:02]} 17. Qa4 {[%emt 0:00:10]} a6 {[%emt 0:00:06]} 18. Ba5 {[%emt 0:
00:11]} b6 {[%emt 0:00:02]} 19. Bc3 {[%emt 0:00:01]} b5 {[%emt 0:00:01]} 20.
Qc2 {[%emt 0:00:14]} Qd7 {[%emt 0:00:01]} 21. Bf5 {[%emt 0:00:14]} Qc7 {[%emt
0:00:01]} 22. Rac1 {[%emt 0:00:10]} Rde8 {[%emt 0:00:01]} 23. Rxe8 {[%emt 0:00:
11]} Rxe8 {[%emt 0:00:01] Retep1 gibt auf} 0-1

[Event "Benidorm Satellite preliminary"]
[Site "playchess.com #007036"]
[Date "2009.10.24"]
[Round "9"]
[White "DiabloAmarillo"]
[Black "MischaT"]
[Result "1-0"]
[WhiteElo "2147"]
[BlackElo "2195"]
[PlyCount "41"]
[EventDate "2009.10.24"]
[EventType "swiss (blitz)"]

1. e4 {[%emt 0:00:03]} e6 {[%emt 0:00:01]} 2. d4 {[%emt 0:00:04]} d5 {[%emt 0:
00:01]} 3. Nc3 {[%emt 0:00:02]} Bb4 {[%emt 0:00:01]} 4. e5 {[%emt 0:00:02]} c5
{[%emt 0:00:01]} 5. a3 {[%emt 0:00:03]} Ba5 {[%emt 0:00:01]} 6. b4 {[%emt 0:00:
01]} cxd4 {[%emt 0:00:01]} 7. bxa5 {[%emt 0:00:03]} dxc3 {[%emt 0:00:02]} 8.
Qg4 {[%emt 0:00:02]} Ne7 {[%emt 0:00:01]} 9. Qxg7 {[%emt 0:00:02]} Rg8 {[%emt
0:00:01]} 10. Qxh7 {[%emt 0:00:02]} Nbc6 {[%emt 0:00:00]} 11. Nf3 {[%emt 0:00:
23]} Bd7 {[%emt 0:00:14]} 12. a6 {[%emt 0:00:04]} bxa6 {[%emt 0:00:06]} 13. Rb1
{[%emt 0:00:07]} Qa5 {[%emt 0:00:10]} 14. Be2 {[%emt 0:00:09]} O-O-O {[%emt 0:
00:12]} 15. Bg5 {[%emt 0:00:06]} Rdf8 {[%emt 0:00:37]} 16. O-O {[%emt 0:00:08]}
Nf5 {[%emt 0:00:02]} 17. Bf6 {[%emt 0:00:20]} Rg6 {[%emt 0:00:21]} 18. Nh4 {
[%emt 0:00:10]} Rh6 {[%emt 0:00:05]} 19. Nxf5 {[%emt 0:00:16]} Rxh7 {[%emt 0:
00:02]} 20. Nd6+ {[%emt 0:00:05]} Kc7 {[%emt 0:00:08]} 21. Rb7# {[%emt 0:00:01]
} 1-0

[Event "Benidorm Satellite preliminary"]
[Site "playchess.com #007036"]
[Date "2009.10.24"]
[Round "9"]
[White "MrHub"]
[Black "Franky Bono"]
[Result "1-0"]
[WhiteElo "2419"]
[BlackElo "2083"]
[PlyCount "69"]
[EventDate "2009.10.24"]
[EventType "swiss (blitz)"]

1. d4 {[%emt 0:00:01]} d5 {[%emt 0:00:03]} 2. Nf3 {[%emt 0:00:01]} c6 {[%emt 0:
00:01]} 3. Bf4 {[%emt 0:00:01]} Nf6 {[%emt 0:00:01]} 4. c3 {[%emt 0:00:01]}
Nbd7 {[%emt 0:00:01]} 5. Nbd2 {[%emt 0:00:01]} e6 {[%emt 0:00:01]} 6. e3 {
[%emt 0:00:02]} Be7 {[%emt 0:00:01]} 7. h3 {[%emt 0:00:01]} O-O {[%emt 0:00:01]
} 8. Bd3 {[%emt 0:00:01]} b6 {[%emt 0:00:02]} 9. Qe2 {[%emt 0:00:01]} Bb7 {
[%emt 0:00:01]} 10. Ne5 {[%emt 0:00:02]} Nxe5 {[%emt 0:00:01]} 11. Bxe5 {[%emt
0:00:01]} Nd7 {[%emt 0:00:01]} 12. Bg3 {[%emt 0:00:01]} c5 {[%emt 0:00:04]} 13.
O-O {[%emt 0:00:02]} cxd4 {[%emt 0:00:02]} 14. exd4 {[%emt 0:00:02]} Bf6 {
[%emt 0:00:04]} 15. Nf3 {[%emt 0:00:02]} g6 {[%emt 0:00:02]} 16. Rfe1 {[%emt 0:
00:03]} Rc8 {[%emt 0:00:02]} 17. a4 {[%emt 0:00:02]} a5 {[%emt 0:00:02]} 18.
Bh2 {[%emt 0:00:09]} h5 {[%emt 0:00:03]} 19. Qe3 {[%emt 0:00:09]} Re8 {[%emt 0:
00:20]} 20. Bb5 {[%emt 0:00:09]} Bc6 {[%emt 0:00:04]} 21. Ba6 {[%emt 0:00:03]}
Ra8 {[%emt 0:00:03]} 22. Bd3 {[%emt 0:00:01]} Qc8 {[%emt 0:00:05]} 23. Ne5 {
[%emt 0:00:13]} Nxe5 {[%emt 0:00:02]} 24. Bxe5 {[%emt 0:00:01]} Bxe5 {[%emt 0:
00:03]} 25. dxe5 {[%emt 0:00:00]} Qc7 {[%emt 0:00:19]} 26. Qh6 {[%emt 0:00:03]}
Qe7 {[%emt 0:00:03]} 27. Re3 {[%emt 0:00:04]} Qf8 {[%emt 0:00:02]} 28. Qg5 {
[%emt 0:00:03]} Qe7 {[%emt 0:00:03]} 29. Qf4 {[%emt 0:00:04]} Qd7 {[%emt 0:00:
10]} 30. Rg3 {[%emt 0:00:04]} Red8 {[%emt 0:00:15]} 31. Bxg6 {[%emt 0:00:21]}
fxg6 {[%emt 0:00:03]} 32. Rxg6+ {[%emt 0:00:01]} Kh8 {[%emt 0:00:09]} 33. Qf6+
{[%emt 0:00:02]} Kh7 {[%emt 0:00:03]} 34. Rh6+ {[%emt 0:00:01]} Kg8 {[%emt 0:
00:01]} 35. Rh8# {[%emt 0:00:01]} 1-0

[Event "Benidorm Satellite preliminary"]
[Site "playchess.com #007036"]
[Date "2009.10.24"]
[Round "9"]
[White "Florin G"]
[Black "Kampfgeist"]
[Result "0-1"]
[WhiteElo "1849"]
[BlackElo "1341"]
[PlyCount "50"]
[EventDate "2009.10.24"]
[EventType "swiss (blitz)"]

1. e4 {[%emt 0:00:02]} e5 {[%emt 0:00:01]} 2. Nf3 {[%emt 0:00:01]} Nc6 {[%emt
0:00:01]} 3. Bc4 {[%emt 0:00:01]} Nf6 {[%emt 0:00:02]} 4. Ng5 {[%emt 0:00:01]}
Bc5 {[%emt 0:00:02]} 5. Nxf7 {[%emt 0:00:03]} Bxf2+ {[%emt 0:00:02]} 6. Kf1 {
[%emt 0:00:06]} Qe7 {[%emt 0:00:03]} 7. Nxh8 {[%emt 0:00:05]} d5 {[%emt 0:00:
01]} 8. Bxd5 {[%emt 0:00:05]} Bg4 {[%emt 0:00:05]} 9. Kxf2 {[%emt 0:00:18]}
Bxd1 {[%emt 0:00:05]} 10. Rxd1 {[%emt 0:00:01]} Nxd5 {[%emt 0:00:03]} 11. exd5
{[%emt 0:00:01]} Qf6+ {[%emt 0:00:05]} 12. Kg1 {[%emt 0:00:01]} Nd4 {[%emt 0:
00:02]} 13. Na3 {[%emt 0:00:04]} g6 {[%emt 0:00:11]} 14. c3 {[%emt 0:00:04]}
Ne2+ {[%emt 0:00:04]} 15. Kh1 {[%emt 0:00:02]} Qxh8 {[%emt 0:00:08]} 16. d4 {
[%emt 0:00:01]} O-O-O {[%emt 0:00:04]} 17. Bg5 {[%emt 0:00:11]} Re8 {[%emt 0:
00:10]} 18. Re1 {[%emt 0:00:07]} exd4 {[%emt 0:00:08]} 19. cxd4 {[%emt 0:00:11]
} Nxd4 {[%emt 0:00:08]} 20. Red1 {[%emt 0:00:02]} Nf5 {[%emt 0:00:09]} 21. Rac1
{[%emt 0:00:01]} Qxb2 {[%emt 0:00:04]} 22. Nc4 {[%emt 0:00:08]} Qxa2 {[%emt 0:
00:06]} 23. g4 {[%emt 0:00:11]} Re2 {[%emt 0:00:03]} 24. Nd2 {[%emt 0:00:15]}
Qxd5+ {[%emt 0:00:12]} 25. Kg1 {[%emt 0:00:14]} Qg2# {[%emt 0:00:01]} 0-1

[Event "Benidorm Satellite preliminary"]
[Site "playchess.com #007036"]
[Date "2009.10.24"]
[Round "9"]
[White "LA ROSA ANGEL"]
[Black "Borya_ider"]
[Result "0-1"]
[WhiteElo "1916"]
[BlackElo "2623"]
[PlyCount "66"]
[EventDate "2009.10.24"]
[EventType "swiss (blitz)"]

1. d4 {[%emt 0:00:02]} e6 {[%emt 0:00:03]} 2. c4 {[%emt 0:00:02]} Nf6 {[%emt 0:
00:02]} 3. Nf3 {[%emt 0:00:01]} b6 {[%emt 0:00:01]} 4. Bg5 {[%emt 0:00:01]} h6
{[%emt 0:00:05]} 5. Bxf6 {[%emt 0:00:02]} Qxf6 {[%emt 0:00:01]} 6. e3 {[%emt 0:
00:01]} Bb7 {[%emt 0:00:01]} 7. Be2 {[%emt 0:00:02]} Be7 {[%emt 0:00:01]} 8.
O-O {[%emt 0:00:01]} d6 {[%emt 0:00:01]} 9. Nc3 {[%emt 0:00:01]} Nd7 {[%emt 0:
00:01]} 10. Rc1 {[%emt 0:00:01]} g5 {[%emt 0:00:01]} 11. Qc2 {[%emt 0:00:08]}
g4 {[%emt 0:00:01]} 12. Ne1 {[%emt 0:00:01]} h5 {[%emt 0:00:00]} 13. Ne4 {
[%emt 0:00:03]} Qg7 {[%emt 0:00:01]} 14. c5 {[%emt 0:00:15]} dxc5 {[%emt 0:00:
02]} 15. dxc5 {[%emt 0:00:03]} Nxc5 {[%emt 0:00:01]} 16. Nxc5 {[%emt 0:00:07]}
Bxc5 {[%emt 0:00:01]} 17. Bb5+ {[%emt 0:00:05]} Kf8 {[%emt 0:00:01]} 18. b4 {
[%emt 0:00:06]} Bd6 {[%emt 0:00:01]} 19. Bc6 {[%emt 0:00:05]} Bxc6 {[%emt 0:00:
02]} 20. Qxc6 {[%emt 0:00:02]} Rd8 {[%emt 0:00:00]} 21. Nc2 {[%emt 0:00:06]} h4
{[%emt 0:00:02]} 22. Nd4 {[%emt 0:00:06]} Qe5 {[%emt 0:00:02]} 23. g3 {[%emt 0:
00:24]} Qh5 {[%emt 0:00:11]} 24. Qg2 {[%emt 0:00:14]} Qg5 {[%emt 0:00:08]} 25.
Nc6 {[%emt 0:00:08]} Re8 {[%emt 0:00:03]} 26. Qe4 {[%emt 0:00:21]} Rh6 {[%emt
0:00:07]} 27. Kg2 {[%emt 0:00:02]} Kg7 {[%emt 0:00:09]} 28. Qd4+ {[%emt 0:00:
02]} f6 {[%emt 0:00:01]} 29. Rcd1 {[%emt 0:00:05]} Reh8 {[%emt 0:00:02]} 30.
Rh1 {[%emt 0:00:02]} Qb5 {[%emt 0:00:04]} 31. Qc3 {[%emt 0:00:13]} Qe2 {[%emt
0:00:02]} 32. Rd2 {[%emt 0:00:13]} h3+ {[%emt 0:00:02]} 33. Kg1 {[%emt 0:00:11]
} Qe1# {[%emt 0:00:01]} 0-1

[Event "Benidorm Satellite preliminary"]
[Site "playchess.com #007036"]
[Date "2009.10.24"]
[Round "9"]
[White "Hatimati"]
[Black "Enfanterrible"]
[Result "1-0"]
[WhiteElo "2484"]
[BlackElo "2566"]
[PlyCount "35"]
[EventDate "2009.10.24"]
[EventType "swiss (blitz)"]

1. e4 {[%emt 0:00:04]} d5 {[%emt 0:00:01]} 2. exd5 {[%emt 0:00:02]} Qxd5 {
[%emt 0:00:01]} 3. Nc3 {[%emt 0:00:01]} Qa5 {[%emt 0:00:01]} 4. Nf3 {[%emt 0:
00:01]} Nf6 {[%emt 0:00:01]} 5. Bc4 {[%emt 0:00:01]} Bg4 {[%emt 0:00:01]} 6. b4
{[%emt 0:00:01]} Qxb4 {[%emt 0:00:02]} 7. Qe2 {[%emt 0:00:01]} Qd6 {[%emt 0:00:
05]} 8. Rb1 {[%emt 0:00:02]} Bc8 {[%emt 0:00:41]} 9. Nb5 {[%emt 0:00:07]} Qd8 {
[%emt 0:00:18]} 10. Qe5 {[%emt 0:00:34]} Nc6 {[%emt 0:00:18]} 11. Qxc7 {[%emt
0:00:12]} a6 {[%emt 0:00:01]} 12. Ng5 {[%emt 0:00:09]} Ne5 {[%emt 0:00:47]} 13.
Qxe5 {[%emt 0:00:04]} axb5 {[%emt 0:00:03]} 14. Bxf7+ {[%emt 0:00:05]} Kd7 {
[%emt 0:00:01]} 15. Be6+ {[%emt 0:00:16]} Kc6 {[%emt 0:00:06]} 16. Qxb5+ {
[%emt 0:00:01]} Kd6 {[%emt 0:00:00]} 17. d4 {[%emt 0:00:18]} Nh5 {[%emt 0:00:
20]} 18. Nf7+ {[%emt 0:00:07] Enfanterrible rinde} 1-0

[Event "Benidorm Satellite preliminary"]
[Site "playchess.com #007036"]
[Date "2009.10.24"]
[Round "9"]
[White "Bystrc2010"]
[Black "Mtudorache"]
[Result "0-1"]
[WhiteElo "1776"]
[BlackElo "1789"]
[PlyCount "44"]
[EventDate "2009.10.24"]
[EventType "swiss (blitz)"]

1. e4 {[%emt 0:00:01]} c5 {[%emt 0:00:03]} 2. Nf3 {[%emt 0:00:01]} Nc6 {[%emt
0:00:03]} 3. d4 {[%emt 0:00:01]} cxd4 {[%emt 0:00:03]} 4. Nxd4 {[%emt 0:00:01]}
Nf6 {[%emt 0:00:01]} 5. Nc3 {[%emt 0:00:03]} e5 {[%emt 0:00:01]} 6. Ndb5 {
[%emt 0:00:02]} d6 {[%emt 0:00:01]} 7. Bg5 {[%emt 0:00:01]} a6 {[%emt 0:00:01]}
8. Na3 {[%emt 0:00:01]} b5 {[%emt 0:00:01]} 9. Bxf6 {[%emt 0:00:01]} gxf6 {
[%emt 0:00:02]} 10. Nd5 {[%emt 0:00:01]} f5 {[%emt 0:00:02]} 11. c3 {[%emt 0:
00:03]} Bg7 {[%emt 0:00:01]} 12. exf5 {[%emt 0:00:02]} Bxf5 {[%emt 0:00:02]}
13. Nc2 {[%emt 0:00:01]} O-O {[%emt 0:00:05]} 14. Nce3 {[%emt 0:00:01]} Be6 {
[%emt 0:00:03]} 15. Bd3 {[%emt 0:00:04]} f5 {[%emt 0:00:03]} 16. Bc2 {[%emt 0:
00:31]} f4 {[%emt 0:00:12]} 17. Qh5 {[%emt 0:00:48]} Rf7 {[%emt 0:00:02]} 18.
Bxh7+ {[%emt 0:00:12]} Kf8 {[%emt 0:00:01]} 19. Bf5 {[%emt 0:00:39]} Qe8 {
[%emt 0:00:02]} 20. Nc7 {[%emt 0:00:15]} Rxc7 {[%emt 0:00:08]} 21. Bg6 {[%emt
0:00:16]} Bf7 {[%emt 0:00:05]} 22. Nf5 {[%emt 0:00:06]} Bxg6 {[%emt 0:00:09]
Zeit} 0-1

[Event "Benidorm Satellite preliminary"]
[Site "playchess.com #007036"]
[Date "2009.10.24"]
[Round "9"]
[White "SteinerKarl"]
[Black "sabla"]
[Result "0-1"]
[WhiteElo "1643"]
[BlackElo "1703"]
[PlyCount "58"]
[EventDate "2009.10.24"]
[EventType "swiss (blitz)"]

1. d4 {[%emt 0:00:04]} Nf6 {[%emt 0:00:02]} 2. Nf3 {[%emt 0:00:02]} d5 {[%emt
0:00:03]} 3. g3 {[%emt 0:00:03]} Nc6 {[%emt 0:00:01]} 4. c3 {[%emt 0:00:03]}
Bg4 {[%emt 0:00:01]} 5. Bg2 {[%emt 0:00:02]} e6 {[%emt 0:00:02]} 6. O-O {[%emt
0:00:02]} Bd6 {[%emt 0:00:01]} 7. Bf4 {[%emt 0:00:03]} Bxf4 {[%emt 0:00:03]} 8.
gxf4 {[%emt 0:00:02]} Bxf3 {[%emt 0:00:02]} 9. Bxf3 {[%emt 0:00:04]} Qd6 {
[%emt 0:00:02]} 10. e3 {[%emt 0:00:07]} O-O-O {[%emt 0:00:02]} 11. Nd2 {[%emt
0:00:11]} h6 {[%emt 0:00:01]} 12. a4 {[%emt 0:00:10]} g5 {[%emt 0:00:02]} 13.
f5 {[%emt 0:00:10]} exf5 {[%emt 0:00:04]} 14. b4 {[%emt 0:00:06]} g4 {[%emt 0:
00:02]} 15. Bg2 {[%emt 0:00:04]} h5 {[%emt 0:00:01]} 16. Nb3 {[%emt 0:00:09]}
h4 {[%emt 0:00:02]} 17. b5 {[%emt 0:00:11]} Ne7 {[%emt 0:00:03]} 18. Nc5 {
[%emt 0:00:07]} h3 {[%emt 0:00:02]} 19. Bh1 {[%emt 0:00:02]} Nh5 {[%emt 0:00:
15]} 20. c4 {[%emt 0:00:05]} Rdg8 {[%emt 0:00:12]} 21. Qb3 {[%emt 0:00:23]} g3
{[%emt 0:00:02]} 22. fxg3 {[%emt 0:00:08]} Nxg3 {[%emt 0:00:04]} 23. Kf2 {
[%emt 0:00:28]} Nxf1 {[%emt 0:00:06]} 24. Rxf1 {[%emt 0:00:02]} Qxh2+ {[%emt 0:
00:02]} 25. Ke1 {[%emt 0:00:02]} Rg1 {[%emt 0:00:06]} 26. Bxd5 {[%emt 0:00:08]}
Rhg8 {[%emt 0:00:10]} 27. Bxb7+ {[%emt 0:00:03]} Kd8 {[%emt 0:00:05]} 28. Bf3 {
[%emt 0:00:07]} Rxf1+ {[%emt 0:00:03]} 29. Kxf1 {[%emt 0:00:07]} Rg1# {[%emt 0:
00:02]} 0-1

[Event "Benidorm Satellite preliminary"]
[Site "playchess.com #007036"]
[Date "2009.10.24"]
[Round "9"]
[White "Munchie the 5th"]
[Black "Mau13"]
[Result "0-1"]
[WhiteElo "1675"]
[BlackElo "1902"]
[PlyCount "70"]
[EventDate "2009.10.24"]
[EventType "swiss (blitz)"]

1. d4 {[%emt 0:00:01]} d6 {[%emt 0:00:00]} 2. c4 {[%emt 0:00:00]} Nf6 {[%emt 0:
00:00]} 3. Nc3 {[%emt 0:00:01]} g6 {[%emt 0:00:00]} 4. e4 {[%emt 0:00:01]} Bg7
{[%emt 0:00:00]} 5. f3 {[%emt 0:00:01]} O-O {[%emt 0:00:01]} 6. Be3 {[%emt 0:
00:01]} b6 {[%emt 0:00:01]} 7. Qd2 {[%emt 0:00:01]} c5 {[%emt 0:00:00]} 8. d5 {
[%emt 0:00:01]} a6 {[%emt 0:00:01]} 9. Bd3 {[%emt 0:00:01]} Qc7 {[%emt 0:00:01]
} 10. Nge2 {[%emt 0:00:01]} e6 {[%emt 0:00:00]} 11. O-O-O {[%emt 0:00:02]} exd5
{[%emt 0:00:01]} 12. cxd5 {[%emt 0:00:00]} b5 {[%emt 0:00:03]} 13. Bh6 {[%emt
0:00:08]} Qa5 {[%emt 0:00:04]} 14. Bxg7 {[%emt 0:00:03]} Kxg7 {[%emt 0:00:00]}
15. h4 {[%emt 0:00:02]} b4 {[%emt 0:00:01]} 16. Nb1 {[%emt 0:00:03]} Qxa2 {
[%emt 0:00:02]} 17. g4 {[%emt 0:00:03]} Bd7 {[%emt 0:00:09]} 18. Ng3 {[%emt 0:
00:05]} a5 {[%emt 0:00:03]} 19. Nf5+ {[%emt 0:00:09]} Bxf5 {[%emt 0:00:05]} 20.
gxf5 {[%emt 0:00:01]} c4 {[%emt 0:00:00]} 21. Be2 {[%emt 0:00:04]} Nbd7 {[%emt
0:00:05]} 22. h5 {[%emt 0:00:03]} Rac8 {[%emt 0:00:12]} 23. hxg6 {[%emt 0:00:
02]} fxg6 {[%emt 0:00:01]} 24. Qh6+ {[%emt 0:00:01]} Kf7 {[%emt 0:00:01]} 25.
Rdg1 {[%emt 0:00:10]} Ke7 {[%emt 0:00:07]} 26. Qg7+ {[%emt 0:00:07]} Rf7 {
[%emt 0:00:03]} 27. Qh6 {[%emt 0:00:10]} gxf5 {[%emt 0:00:04]} 28. Rg7 {[%emt
0:00:04]} Rcf8 {[%emt 0:00:12]} 29. Rxf7+ {[%emt 0:00:14]} Rxf7 {[%emt 0:00:04]
} 30. Qe3 {[%emt 0:00:02]} fxe4 {[%emt 0:00:11]} 31. fxe4 {[%emt 0:00:04]} Ne5
{[%emt 0:00:04]} 32. Qa7+ {[%emt 0:00:06]} Nfd7 {[%emt 0:00:11]} 33. Qc7 {
[%emt 0:00:34]} c3 {[%emt 0:00:05]} 34. Bb5 {[%emt 0:00:33]} Qxb2+ {[%emt 0:00:
08]} 35. Kd1 {[%emt 0:00:03]} Qxb1+ {[%emt 0:00:03] Munchie the 5th resigns}
0-1